书目信息 |
| 题名: |
滞后系统的变结构控制
|
|
| 作者: | 刘永清 著 | |
| 分册: | ||
| 出版信息: | 广州 华南理工大学出版社 1998 |
|
| 页数: | 161页 | |
| 开本: | 26cm | |
| 丛书名: | 大型动力系统的理论与应用 | |
| 单 册: | ||
| 中图分类: | TK05 | |
| 科图分类: | ||
| 主题词: | 动力机械 | |
| 电子资源: | ||
| ISBN: | 7-5623-1307-5 | |
| 000 | 00683nam0 2200229 450 | |
| 001 | 0653354280 | |
| 005 | 20060116145319.84 | |
| 010 | @a7-5623-1307-5@b精装@dCNY36.00 | |
| 092 | @aCN | |
| 100 | @a20060116d1998 km y0chiy0120 ea | |
| 101 | 0 | @achi |
| 102 | @aCN@b440000 | |
| 200 | 1 | @a滞后系统的变结构控制@Azhi hou xi tong de bian jie gou kong zhi@f刘永清等著@Fliu yong qing deng zhu |
| 210 | @a广州@c华南理工大学出版社@d1998 | |
| 215 | 1 | @a161页@d26cm |
| 225 | 2 | @a大型动力系统的理论与应用@v9 |
| 410 | 0 | @12001 @a大型动力系统的理论与应用 |
| 606 | 0 | @a动力机械 |
| 690 | @aTK05@v4 | |
| 701 | 0 | @a刘永清@Aliu yong qing@4著 |
| 801 | 0 | @aCN@bPFT@c20060116 |
| 905 | @a10447@dTK05@e45 | |
| 滞后系统的变结构控制/刘永清等著.-广州:华南理工大学出版社,1998 |
| 161页;26cm.-(大型动力系统的理论与应用;9) |
| ISBN 7-5623-1307-5(精装):CNY36.00 |
| ● |
| 相关链接 |
|
|
|
|
正题名:滞后系统的变结构控制
索取号:TK05/45
 
预约/预借
| 序号 | 登录号 | 条形码 | 馆藏地/架位号 | 状态 | 备注 |
| 1 | 0338016 | 203380162 | 第二样本阅览室/ [索取号:TK05/45] | 在馆 | |
| 2 | 0338017 | 203380171 | 第三借阅区/ [索取号:TK05/45] | 在馆 | |
| 3 | 0338018 | 203380180 | 第三借阅区/ [索取号:TK05/45] | 在馆 | |
| 4 | 0338019 | 203380199 | 第三借阅区/ [索取号:TK05/45] | 在馆 | |
| 5 | 0338020 | 203380206 | 第三借阅区/ [索取号:TK05/45] | 在馆 |